00245nam a2200097Ia 4500008004100000100002200041245002100063260004700084300000800131650000800139191201s2012 xx 000 0 und d aPEDNEKAR. Achut P 0aEntrepreneurship aN. DelhibHimalaya Publication Housec2012 a350 aMBA